000 00962nam a22003137a 4500
003 CHAP
005 20220329133430.0
008 971013s1993 r 00010 d
010 _a6301
011 _a7273
035 _a6496
040 _cCHAP
090 _aTesis
100 0 0 _aReyes Montes, Francisco.
_996919
245 _aDiagnóstico de la ganadería de las Mixtecas Oaxaqueñas
260 _aChapingo, Méx. :
_bEl autor,
_c1993
300 _a65 h.
500 _a61-195
502 _aTesis (Ing. Agr. Esp. en Zootecnia) -- UACH. Departamento de Zootecnia
590 _aALEPH
_b10
_c20130110
_lUCH01
_h1218
590 _aBATCH-UPD
_b10
_c20130110
_lUCH01
_h2113
590 _aBATCH-UPD
_b10
_c20130410
_lUCH01
_h1423
590 _aBATCH-UPD
_b10
_c20130914
_lUCH01
_h1455
590 _aCONVERSION
_b10
_c20130109
_lUCH01
_h1305
650 1 4 _aGanadería
_xOaxaca.
_944834
901 _aBK
942 _cTESIS
949 _bBC
_cTES
_d-16100
_eTS1
_h26005
_i6496
_si
999 _c6301
_d6301